[Event "Seattle Seafair Open"]
[Site "Chess.com"]
[Date "2020.07.19"]
[Round "5"]
[White "Chen, Angela"]
[Black "Zhang, Michael"]
[Result "0-1"]
[WhiteElo "1421"]
[BlackElo "977"]
[Annotator "Michael Zhang"]
[PlyCount "74"]
[EventDate "2020.??.??"]
[SourceVersionDate "2020.06.27"]
[TimeControl "5400+10"]
[WhiteClock "0:40:52"]
[BlackClock "0:32:29"]

1. e4 {[%emt 0:00:03]} e5 {[%emt 0:00:18]} 2. Nf3 {[%emt 0:00:04]} Nc6 {
[%emt 0:00:12]} 3. Bc4 {[%emt 0:00:05]} Bc5 {[%emt 0:00:03]} 4. d3 {[%emt 0:00:
15]} Nf6 {[%emt 0:00:07]} 5. Bg5 {[%emt 0:00:08] This is not good move because
black has not castled.} h6 {[%emt 0:00:03]} (5... d6) 6. Bh4 {[%emt 0:00:05]}
g5 {[%emt 0:00:41] Black could have waited to play this move because this move
may scare white from castling king side.} 7. Bg3 {[%emt 0:00:19]} d6 {[%emt 0:
00:21] This move opens the light square bishop and defends the e5 pawn.} 8. O-O
{[%emt 0:00:28]} Bg4 {[%emt 0:00:06]} (8... h5 {h5 sets up a trap but requires
sacrificing the queen.} 9. Nxg5 (9. h4 {h4 is white's best defense because the
position will be locked.} g4 10. Ng5) 9... h4 10. Nxf7 hxg3 11. Nxd8 Bg4 12.
Qd2 Nd4 13. Re1 (13. Nc3 Nf3+ 14. gxf3 Bxf3 {Checkmate is unstoppable.}) 13...
Nf3+ 14. gxf3 Bxf3 15. Rf1 (15. Kf1 Rxh2 16. fxg3 Rh1#) 15... gxh2#) 9. h3 {
[%emt 0:00:12]} Bh5 {[%emt 0:00:28]} 10. c3 {[%emt 0:00:12]} g4 {[%emt 0:00:09]
} 11. hxg4 {[%emt 0:00:10]} Bxg4 {[%emt 0:00:09] Black keeps the pin on the f3
knight.} 12. Nbd2 {[%emt 0:00:15] This move stopped black's king side attack.}
h5 {[%emt 0:00:07] A better move for black is Nh5 or Qd7 to avoid the pin by
Bh4.} 13. Qc2 {[%emt 0:00:34]} d5 {[%emt 0:02:00] This is a losing move for
black because it opens the center when black king has not castled yet.} 14.
exd5 {[%emt 0:00:33]} Nxd5 {[%emt 0:00:05]} 15. Nxe5 {[%emt 0:00:30]} h4 {
[%emt 0:02:00]} 16. Nxc6 {[%emt 0:00:12]} bxc6 {[%emt 0:00:11]} 17. Rfe1+ {
[%emt 0:01:33]} Kf8 {[%emt 0:00:22]} 18. Be5 {[%emt 0:00:18]} Rh6 {[%emt 0:00:
19]} 19. d4 {[%emt 0:00:14]} h3 {[%emt 0:02:53] Black is focusing on opening
the white king. But this is a bad move because black would lose a piece.} 20.
dxc5 {[%emt 0:01:59]} hxg2 {[%emt 0:00:16]} 21. Kxg2 {[%emt 0:00:36] Now white
king is openn} Bh3+ {[%emt 0:00:08]} 22. Kg1 {[%emt 0:03:03]} Qg5+ {[%emt 0:00:
19]} 23. Bg3 {[%emt 0:00:08]} Nf4 {[%emt 0:00:43] Black brings more pieces
into the attack on white king.} 24. Qe4 {[%emt 0:01:46] White brings more
defenders to the king. It is not looking good for black.} Rg6 {[%emt 0:07:09]}
(24... Nh5 {Nh5 is a better move because it puts pressure on the pinned piece.}
) 25. Nf3 {[%emt 0:03:32]} Qf6 {[%emt 0:06:08]} 26. Ne5 {[%emt 0:01:58]} Rg7 {
[%emt 0:00:58] Black retreats rook to g7 to defend the f7 pawn,} 27. Nd7+ {
[%emt 0:00:08] White blundered a piece with this move.} Bxd7 {[%emt 0:00:07]}
28. Re3 {[%emt 0:03:22] I think white is trying to do Alekhine's Gun. But
black did not allow this to happen.} Nh3+ {[%emt 0:01:11]} 29. Kg2 {[%emt 0:05:
28]} Nf4+ {[%emt 0:22:41]} (29... Qxf2+ {This move looks tempting but black
will run of good checks.} 30. Kh1) 30. Kg1 {[%emt 0:03:46]} Nh3+ {[%emt 0:02:
42]} 31. Kf1 {[%emt 0:12:01] White made this move probably because white does
not want a draw by repetition. But this move put the white king under a pin.
Black played decisively from this point on.} Rxg3 {[%emt 0:00:36]} 32. Ke2 {
[%emt 0:01:50] White could avoid forced mate with Qe7+. After this move,
checkmate is unstoppable.} Qxf2+ {[%emt 0:00:59]} 33. Kd3 {[%emt 0:05:03]} Bf5
{[%emt 0:03:47]} 34. Kd4 {[%emt 0:02:07]} Bxe4 {[%emt 0:02:11]} 35. Kxe4 {
[%emt 0:00:57]} Rxe3+ {[%emt 0:00:16]} 36. Kd4 {[%emt 0:01:10]} Qd2+ {[%emt 0:
02:54]} (36... Qf4# {Black missed a checkmate in one here.}) 37. Bd3 {[%emt 0:
00:17]} Qxd3# {[%emt 0:00:02] Black won by checkmate} 0-1

[Event "Seattle Seafair Open"]
[Site "Chess.com"]
[Date "2020.07.18"]
[Round "2"]
[White "Beck, Alec"]
[Black "Kona, Vidip"]
[Result "1/2-1/2"]
[WhiteElo "1942"]
[BlackElo "1261"]
[Annotator "Vidip Kona"]
[PlyCount "108"]
[EventDate "2020.??.??"]
[SourceVersionDate "2020.06.27"]
[TimeControl "5400+10"]
[WhiteClock "0:02:25"]
[BlackClock "0:54:50"]

1. d4 {[%emt 0:00:09]} Nf6 {[%emt 0:00:25]} 2. c4 {[%emt 0:00:26]} g6 {[%emt 0:
00:12]} 3. Nc3 {[%emt 0:00:03]} Bg7 {[%emt 0:00:24]} 4. g3 {[%emt 0:00:42] I
played kings indian defence.} O-O {[%emt 0:00:16]} 5. Bg2 {[%emt 0:01:46]} d6 {
[%emt 0:00:29]} 6. Nf3 {[%emt 0:01:06] I thought here White would play the
move d5 and gain some space in the center. But my opponent castled in king
side.} c5 {[%emt 0:01:01]} 7. O-O {[%emt 0:00:39]} Nbd7 {[%emt 0:00:59] I
wanted to play b6. Since Bishop on g2 is targeting my a8 rook,so I played Rb8
first to avoid future threats.} 8. e3 {[%emt 0:01:02]} Rb8 {[%emt 0:00:26]} 9.
b3 {[%emt 0:03:04]} b6 {[%emt 0:00:43]} 10. Bb2 {[%emt 0:01:59]} Bb7 {[%emt 0:
00:11] I think my position is okay and my pieces are developed} 11. Qc2 {
[%emt 0:02:25]} a6 {[%emt 0:01:18]} 12. a4 {[%emt 0:02:03]} Qc7 {[%emt 0:00:41]
} 13. Rac1 {[%emt 0:07:51]} Rbc8 {[%emt 0:00:31] My Rook on B8 is doing
nothing, so I improved my piece by lining the rook to attack the queen on c2.}
14. Qb1 {[%emt 0:01:13]} Qb8 {[%emt 0:00:31]} 15. Rfd1 {[%emt 0:01:17]} Rfd8 {
[%emt 0:01:20]} 16. Ne1 {[%emt 0:01:20]} Bxg2 {[%emt 0:00:37] I am happy to
exchange the light square Bishop in this position.} 17. Nxg2 {[%emt 0:00:31]}
Qb7 {[%emt 0:00:40]} 18. d5 {[%emt 0:02:31]} Ne5 {[%emt 0:00:33]} 19. Nf4 {
[%emt 0:01:26]} Qd7 {[%emt 0:01:49] My plan is to play Qg4 and try to create
some pressure on White King side.} 20. Ne4 {[%emt 0:08:24]} Nxe4 {[%emt 0:01:
06]} 21. Qxe4 {[%emt 0:00:22]} Nf3+ {[%emt 0:00:21]} 22. Qxf3 {[%emt 0:00:02]}
Bxb2 {[%emt 0:00:13] Here I felt black has slight advantage because Bishop is
more active and controlling the center.} 23. Rc2 {[%emt 0:00:02]} Bg7 {[%emt 0:
00:18]} 24. Nd3 {[%emt 0:01:31]} Re8 {[%emt 0:00:46]} 25. e4 {[%emt 0:01:30]}
Rb8 {[%emt 0:00:31]} 26. Re1 {[%emt 0:02:13]} Qc7 {[%emt 0:00:58]} 27. Rce2 {
[%emt 0:08:41]} e6 {[%emt 0:01:42]} 28. e5 {[%emt 0:11:50] I didn/^t expect e5
move in this position, i think this is good move. I thought While will play
dxe6, Rxe6 and I have some counter play with that move.} dxe5 {[%emt 0:00:49]}
29. Nxe5 {[%emt 0:00:41]} exd5 {[%emt 0:00:30]} 30. Qxd5 {[%emt 0:00:45]} Rbd8
{[%emt 0:01:08]} 31. Qc6 {[%emt 0:04:02]} Qxc6 {[%emt 0:01:37]} 32. Nxc6 {
[%emt 0:00:07]} Rxe2 {[%emt 0:00:22]} 33. Rxe2 {[%emt 0:00:00]} Rd3 {[%emt 0:
00:02]} 34. Re3 {[%emt 0:00:30]} Rd6 {[%emt 0:01:17]} 35. Ne7+ {[%emt 0:01:44]}
Kf8 {[%emt 0:00:34]} 36. Nd5 {[%emt 0:01:49]} Bd4 {[%emt 0:02:42] In this
position I played Bd4 to give some room for my king to come into the game.} 37.
Re2 {[%emt 0:01:58]} b5 {[%emt 0:00:49]} 38. axb5 {[%emt 0:01:35]} axb5 {
[%emt 0:00:24]} 39. Nc7 {[%emt 0:03:03]} bxc4 {[%emt 0:00:23]} 40. bxc4 {
[%emt 0:00:10]} Rb6 {[%emt 0:01:47]} 41. Nb5 {[%emt 0:01:29]} Ra6 {[%emt 0:01:
48] Here I thought my opponent capture my bishop and take the game to Rook
ending. But he didn/^t exchange.} 42. Rd2 {[%emt 0:02:11]} Bf6 {[%emt 0:01:02]}
43. Nc7 {[%emt 0:03:33]} Rc6 {[%emt 0:00:32]} 44. Nd5 {[%emt 0:00:29]} Bd4 {
[%emt 0:00:21]} 45. Kg2 {[%emt 0:00:14]} Re6 {[%emt 0:00:39]} 46. Kf3 {[%emt 0:
00:46]} f5 {[%emt 0:00:20]} 47. Re2 {[%emt 0:00:41]} Kf7 {[%emt 0:00:47]} 48.
Ra2 {[%emt 0:00:30]} g5 {[%emt 0:00:42]} 49. Ra7+ {[%emt 0:02:29]} Kg6 {
[%emt 0:00:32]} 50. h4 {[%emt 0:00:26]} h6 {[%emt 0:00:47]} 51. Ne7+ {[%emt 0:
00:37]} Kf6 {[%emt 0:00:22]} 52. Nd5+ {[%emt 0:00:29] My opponent is in time
trouble but I don/^t have any good moves in this position to win the game. We
repeated the moves and agreed for draw.} Kg6 {[%emt 0:03:36]} 53. Ne7+ {
[%emt 0:00:05]} Kf6 {[%emt 0:00:30]} 54. Nd5+ {[%emt 0:00:03]} Kg6 {[%emt 0:00:
53] Game drawn by repetition} 1/2-1/2

[Event "Seattle Seafair Open"]
[Site "Chess.com"]
[Date "2020.07.18"]
[Round "1"]
[White "Kona, Vidip"]
[Black "Razmov, Valentin"]
[Result "1-0"]
[WhiteElo "1261"]
[BlackElo "1986"]
[Annotator "Vidip Kona"]
[PlyCount "117"]
[EventDate "2020.??.??"]
[SourceVersionDate "2020.06.27"]
[TimeControl "5400+10"]
[WhiteClock "1:00:47"]
[BlackClock "0:00:42"]

1. e4 {[%emt 0:00:12] My opponent is very strong player, but I don't want to
give up. I decided to give tough fight to my opponent.} e5 {[%emt 0:00:13]} 2.
Nf3 {[%emt 0:00:16]} Nc6 {[%emt 0:00:03]} 3. Bb5 {[%emt 0:00:19] Standard Ruy
lopez opening} a6 {[%emt 0:00:05]} 4. Ba4 {[%emt 0:00:12]} Nf6 {[%emt 0:00:03]}
5. O-O {[%emt 0:00:16]} Be7 {[%emt 0:00:33]} 6. d3 {[%emt 0:01:09]} b5 {
[%emt 0:00:28]} 7. Bb3 {[%emt 0:00:06]} d6 {[%emt 0:00:35] Black main idea is
play Na5 and take the Bishop on b3. So I decided to play a3 to give some space
to my Bishop.} 8. a3 {[%emt 0:00:45]} O-O {[%emt 0:00:32]} 9. Nc3 {[%emt 0:00:
46]} Bg4 {[%emt 0:05:39]} 10. Be3 {[%emt 0:00:56]} Qd7 {[%emt 0:10:18]} 11. Nd5
{[%emt 0:00:31]} h6 {[%emt 0:13:54]} 12. c3 {[%emt 0:00:31]} Rfe8 {[%emt 0:03:
04]} 13. Nxf6+ {[%emt 0:00:30]} Bxf6 {[%emt 0:00:28]} 14. Bd5 {[%emt 0:00:14]}
Be6 {[%emt 0:02:33]} 15. c4 {[%emt 0:00:33]} Rab8 {[%emt 0:01:38]} 16. b4 {
[%emt 0:01:02]} Ne7 {[%emt 0:02:14]} 17. Bxe6 {[%emt 0:01:44]} Qxe6 {[%emt 0:
00:38]} 18. Rc1 {[%emt 0:00:27]} Rec8 {[%emt 0:05:04]} 19. c5 {[%emt 0:00:56]}
d5 {[%emt 0:01:08]} 20. Qc2 {[%emt 0:01:59]} d4 {[%emt 0:01:32]} 21. Bd2 {
[%emt 0:00:30]} c6 {[%emt 0:01:19]} 22. Ne1 {[%emt 0:01:04] After this my plan
is to play g3, Ng2 , f4 to grab some space} g5 {[%emt 0:05:49]} 23. Qb2 {
[%emt 0:00:34]} Ng6 {[%emt 0:01:30]} 24. g3 {[%emt 0:01:12]} Kh7 {[%emt 0:02:
54]} 25. Nc2 {[%emt 0:01:26]} Rg8 {[%emt 0:02:05]} 26. Na1 {[%emt 0:00:45]} Qh3
{[%emt 0:01:51]} 27. f3 {[%emt 0:01:10]} Nf4 {[%emt 0:06:48]} 28. Bxf4 {
[%emt 0:00:31] I am not comfortable in this position after Qh3. Black has
advantage. So I decided to exchange some pieces to avoid strong attack from
Black side.} (28. gxf4 gxf4+ 29. Kf2 Rg2+ 30. Ke1 Qxh2) 28... gxf4 {[%emt 0:00:
03]} 29. Qg2 {[%emt 0:00:15]} Qxg2+ {[%emt 0:01:26]} 30. Kxg2 {[%emt 0:00:14]
After Queens exchanged from the board, My position is better.} fxg3 {[%emt 0:
03:11]} 31. hxg3 {[%emt 0:00:23]} Bh4 {[%emt 0:00:19]} 32. g4 {[%emt 0:00:18]}
Bg5 {[%emt 0:00:42]} 33. Rc2 {[%emt 0:00:19]} Be3 {[%emt 0:01:49]} 34. Nb3 {
[%emt 0:00:19]} Rbf8 {[%emt 0:01:14]} 35. Kh3 {[%emt 0:01:13] I want to stop
h5 move so, I played Kh3} Rc8 {[%emt 0:02:18]} 36. Na5 {[%emt 0:00:51]} Rc7 {
[%emt 0:00:05]} 37. Rh2 {[%emt 0:00:34]} Rg5 {[%emt 0:01:08]} 38. Kg2 {[%emt 0:
01:01]} Kg6 {[%emt 0:00:17]} 39. Rfh1 {[%emt 0:00:33]} h5 {[%emt 0:00:56]} 40.
Rxh5 {[%emt 0:00:20]} Rxh5 {[%emt 0:00:05]} 41. gxh5+ {[%emt 0:00:26]} Kh6 {
[%emt 0:00:17]} 42. Kg3 {[%emt 0:02:06]} Rc8 {[%emt 0:04:17]} 43. Kg4 {[%emt 0:
00:53]} Rg8+ {[%emt 0:02:10]} 44. Kf5 {[%emt 0:00:09]} Rg3 {[%emt 0:01:28]} 45.
Kxe5 {[%emt 0:00:54]} Rxf3 {[%emt 0:00:06]} 46. Nxc6 {[%emt 0:00:40] My king
is in center of the board and all my other pieces are active to capture the
black Pawns. I think black doesn/^t have any counter play.} Bf2 {[%emt 0:00:24]
} 47. Rd1 {[%emt 0:00:45]} Kxh5 {[%emt 0:00:28]} 48. Nxd4 {[%emt 0:00:15]} Rg3
{[%emt 0:01:06]} 49. Nf5 {[%emt 0:00:45]} Rg6 {[%emt 0:00:16]} 50. Rh1+ {
[%emt 0:01:24]} Kg4 {[%emt 0:00:16]} 51. Rh2 {[%emt 0:00:34]} Kf3 {[%emt 0:00:
22] I decided to exchange the pieces so I can promote my pawns easily.} 52.
Nh4+ {[%emt 0:01:33]} Bxh4 {[%emt 0:00:24]} 53. Rxh4 {[%emt 0:00:15]} Ke3 {
[%emt 0:00:10]} 54. Rh3+ {[%emt 0:00:16] Now Black king is doing nothing with
Rh3 move. My opponent doesn/^t have any good moves to improve his position.}
Kd2 {[%emt 0:00:04]} 55. d4 {[%emt 0:00:10]} Re6+ {[%emt 0:00:27]} 56. Kd5 {
[%emt 0:00:27]} Re8 {[%emt 0:00:03]} 57. c6 {[%emt 0:00:13]} Rd8+ {[%emt 0:00:
03]} 58. Kc5 {[%emt 0:00:10]} Kc2 {[%emt 0:00:08]} 59. d5 {[%emt 0:00:12] My
pawns are very strong it's going to promote to queen in few moves hence my
opponent resigned .} 1-0

[Event "Seattle Seafair Open"]
[Site "Chess.com"]
[Date "2020.07.19"]
[Round "5"]
[White "Kona, Vidip"]
[Black "McConnell, Sullivan"]
[Result "1-0"]
[WhiteElo "1261"]
[BlackElo "2224"]
[Annotator "Vidip Kona"]
[PlyCount "108"]
[EventDate "2020.??.??"]
[SourceVersionDate "2020.06.27"]
[TimeControl "5400+10"]
[WhiteClock "1:08:40"]
[BlackClock "1:19:41"]

1. e4 {[%emt 0:00:11] My opponent is NM and he is very strong player. I am
happy with my performance so far in this tournament. I beat couple of strong
players and drew with another strong player. I decided to give tough fight in
this game as well.} e6 {[%emt 0:00:15]} 2. d4 {[%emt 0:00:10]} d5 {[%emt 0:00:
03] My opponent played French.} 3. e5 {[%emt 0:00:49]} c5 {[%emt 0:00:09]} 4.
c3 {[%emt 0:00:07]} Nc6 {[%emt 0:00:02]} 5. Nf3 {[%emt 0:00:18]} Bd7 {[%emt 0:
00:05]} 6. Be2 {[%emt 0:00:37]} Qb6 {[%emt 0:00:07]} 7. O-O {[%emt 0:00:13]}
Nh6 {[%emt 0:00:02]} 8. Na3 {[%emt 0:01:18] I played Na3 in this position. If
black plays Nf5, I will play Nc2 to defend the d4 pawn.} cxd4 {[%emt 0:00:07]}
9. cxd4 {[%emt 0:00:48]} Nf5 {[%emt 0:01:26]} 10. Nc2 {[%emt 0:00:18]} h5 {
[%emt 0:00:18]} 11. b3 {[%emt 0:00:51]} a5 {[%emt 0:01:07] My plan is to Bb2
and improve the night to better square.} 12. Bb2 {[%emt 0:01:13]} a4 {[%emt 0:
00:34]} 13. Rb1 {[%emt 0:00:33] I thought my opponent will capture axb3. I
prepared for this in case if he captures, I will win the pawn back with some
counter play. But he didn/^t take my pawn.} Be7 {[%emt 0:01:40]} (13... axb3
14. axb3 Qxb3 15. Ba3 Qc3 (15... Qa4 16. Bxf8 Rxf8 17. Ra1) 16. Bxf8 Rxf8 17.
Rxb7) 14. Qd3 {[%emt 0:00:58]} a3 {[%emt 0:01:39]} 15. Ba1 {[%emt 0:00:19]} g5
{[%emt 0:00:25]} 16. Qb5 {[%emt 0:00:44]} Qxb5 {[%emt 0:00:05] Exchanging the
queens in this position is bad for me. I am losing my pawn on e5. I didn/^t
calculate properly. Black is better now.} 17. Bxb5 {[%emt 0:00:22]} Nxe5 {
[%emt 0:00:09]} 18. Bxd7+ {[%emt 0:00:46]} Nxd7 {[%emt 0:00:00]} 19. Ne3 {
[%emt 0:01:01]} Nxe3 {[%emt 0:01:25]} 20. fxe3 {[%emt 0:00:16]} f5 {[%emt 0:00:
15]} 21. Rbc1 {[%emt 0:00:33]} g4 {[%emt 0:00:14]} 22. Nd2 {[%emt 0:00:32]} Bd6
{[%emt 0:00:09]} 23. Rc2 {[%emt 0:01:01] I played Rc2 to double the rooks on C
file.} Nb6 {[%emt 0:00:09]} 24. Rfc1 {[%emt 0:01:16]} Kd7 {[%emt 0:00:02]} 25.
Bc3 {[%emt 0:01:15]} Rhc8 {[%emt 0:00:09]} 26. Nb1 {[%emt 0:01:18]} Rc6 {
[%emt 0:00:06] I think my opponent plan is to exchange the rooks and take the
game to end game since he is pawn up. So I want to equalize the position
before all major pieces exchanged from the board.} 27. Bd2 {[%emt 0:00:26]}
Rac8 {[%emt 0:00:05]} 28. Rxc6 {[%emt 0:00:19]} Rxc6 {[%emt 0:00:00]} 29. Rxc6
{[%emt 0:00:14]} Kxc6 {[%emt 0:00:00]} 30. Bc1 {[%emt 0:00:14] Now more
pressure on a3 pawn and I am winning the Pawn back} Kb5 {[%emt 0:00:38] Here
computer suggests, Nxa3 with the check. But I want to keep my Night on the
board so I captured with Bishop.} 31. Bxa3 {[%emt 0:00:51]} Bxa3 {[%emt 0:00:
02]} 32. Nxa3+ {[%emt 0:00:17]} Kb4 {[%emt 0:00:00]} 33. Nb1 {[%emt 0:00:16] I
think this position looks draw for me. Black king cannot enter into white
territory. I decided to bring my King into the game and create some threats to
Black.} Nc8 {[%emt 0:00:12]} 34. Kf2 {[%emt 0:00:23]} h4 {[%emt 0:00:26]} 35.
Ke2 {[%emt 0:00:29]} Nd6 {[%emt 0:00:05]} 36. Kd3 {[%emt 0:00:43]} Ne4 {
[%emt 0:00:02]} 37. Kc2 {[%emt 0:00:44]} h3 {[%emt 0:00:06]} 38. gxh3 {[%emt 0:
00:30]} (38. g3 {I cannot block the pawn g4 with move g3. He will sacrifice
his Knight and promote the pawn. so captured h3 pawn.} Nxg3 39. hxg3 h2) 38...
gxh3 {[%emt 0:00:00]} 39. Kb2 {[%emt 0:00:16]} Nf2 {[%emt 0:00:09]} (39... Ng3
40. Nd2) 40. a3+ {[%emt 0:00:36]} Ka5 {[%emt 0:00:04]} 41. Nd2 {[%emt 0:00:14]}
Ng4 {[%emt 0:00:06]} 42. Nf1 {[%emt 0:00:13]} Kb5 {[%emt 0:00:49]} 43. Kc3 {
[%emt 0:00:58] I think game is equal} Kc6 {[%emt 0:00:56]} 44. Kd3 {[%emt 0:00:
34]} Kd6 {[%emt 0:02:26]} 45. Ke2 {[%emt 0:00:18]} e5 {[%emt 0:00:02] I am
trying to bring my king to capture the pawn on h3 and create passed pawn.} 46.
Kf3 {[%emt 0:00:34]} Ke6 {[%emt 0:01:27]} 47. Kg3 {[%emt 0:00:19]} Nxe3 {
[%emt 0:00:05] Nxe3 is a mistake and loses game immediately.} 48. Nxe3 {
[%emt 0:00:27]} f4+ {[%emt 0:00:02] Kf3 is the blunder. I should play Kxh3 and
I will create the passed pawn and win my game easily. After Kf3, game is draw.}
49. Kf3 {[%emt 0:00:16]} fxe3 {[%emt 0:00:00]} 50. Kxe3 {[%emt 0:00:21]
Computer suggesting, for black Kf5 is draw. Luckily, my opponent didn't play
that move.} e4 {[%emt 0:00:01]} 51. a4 {[%emt 0:00:57]} Kf5 {[%emt 0:00:38]}
52. b4 {[%emt 0:00:21] This position is winning for whilte} Ke6 {[%emt 0:00:01]
} 53. a5 {[%emt 0:00:26]} Kd6 {[%emt 0:00:10]} 54. b5 {[%emt 0:00:18]} Ke6 {
[%emt 0:00:07] I am going to promote my pawn and opponent resigned} 1-0

[Event "Vancouver Open"]
[Site "Chess.com"]
[Date "2020.07.25"]
[Round "1"]
[White "Lenderman, Aleksandr"]
[Black "Lu, Ryan"]
[Result "1-0"]
[WhiteElo "2717"]
[BlackElo "1948"]
[Annotator "Aleksandr Lenderman"]
[PlyCount "67"]
[EventDate "2020.??.??"]
[SourceVersionDate "2020.06.27"]
[TimeControl "4500+10"]

{In the first round in the Vancouver Open I am playing against Ryan Lu. I
already played him in one tournament before with black, so I had a rough idea
of what to expect in this game.} 1. Nf3 d5 2. e3 {My pet line.} Nf6 3. c4 e6 4.
Nc3 Be7 5. b3 O-O 6. Bb2 c5 7. cxd5 exd5 (7... Nxd5 {This is more common at
the higher level while exd5 is more common at the lower levels though exd5 is
also a decent option.}) 8. d4 Nc6 9. Be2 Be6 (9... Ne4 {This move with the
idea of Bf6 with pressure on d4 is more principled.}) 10. O-O Rc8 11. dxc5 Bxc5
12. Rc1 Qe7 13. Nb5 {Trying to blockade the isolated pawn and also threatening
Bxf6 along the way.} (13. Bd3 {Was perhaps more harmonious trying to play Ne2
next move and stopping Ne4. It's important also that d4 doesn't work yet
because of...} d4 $2 14. Na4) 13... Ne4 14. Nbd4 Nxd4 $6 (14... Nb4 $5 {
Possibly this move was an improvement. In general, black probably doesn't want
to release the tension and exchanging on d4, since my knights on d4 and f3 are
somewhat redundant.} 15. a3 (15. Ra1 Bg4 {And here black is probably ok.})
15... Na2 $3 {Is the point.} 16. Rc2 (16. Ra1 Nac3 $11) 16... Bxa3 17. Bxa3
Qxa3 18. Qa1 Rxc2 19. Nxc2 Qc5 20. Qxa2 Nc3 {And the tactics work out for
black.}) 15. Nxd4 a6 16. Bd3 Rfd8 17. Rc2 Nf6 $6 {Probably unnecessarily
passive.} (17... Bd6) 18. Qb1 (18. Nf5 Bxf5 19. Bxf5 Rc6 20. g3 $14 {Was also
possible.}) 18... Bd6 19. Rxc8 Bxc8 {Kind of forced.} (19... Rxc8 20. Nf5 Bxf5
21. Bxf5 Rc6 22. Bxf6 Qxf6 23. Bxh7+ {Was the point.}) 20. Qc2 h6 (20... Bxh2+
{This one here doesn't work since my knight can go back to f3 and defend h2.}
21. Kxh2 Ng4+ 22. Kg1 Qh4 23. Nf3) 21. Rc1 Bg4 (21... Ne4) 22. Bf5 {Fighting
for the f5 square.} Ba3 23. Bxg4 Bxb2 24. Qxb2 Nxg4 25. h3 Nf6 26. Qc3 {
Now seizing control of the open c-file} Ne4 27. Qc7 Qd7 28. Qxd7 Rxd7 29. f3
Nf6 30. Rc8+ Kh7 31. g4 Kg6 $6 {This only helps white since the black king
isn't safe there.} (31... Ng8 {followed by Ne7 was the best chance to try to
defend though white is much better due to the control of the c-file, better
pieces and better pawn structure.}) 32. h4 Nh7 $2 {And now this just loses.}
33. Rh8 {Threatening h5 winning a piece, therefore forcing ...} Nf6 (33... h5
34. gxh5+ Kh6 35. Kf2 {Also didn't work for black.} (35. Nf5+ $6 Kxh5 36. Rxh7+
Kg6 37. Rxg7+ Kxf5 38. h5 Ke6)) 34. Ne2 {AlexanderL won by resignation. A nice
finishing touch. Black either gets mated or has to give up a piece, so
therefore he resigned. Nice start for me.} 1-0